Aspecto económicos y administrativos en las empresas agropecuaria / Alfredo Aguilar (Registro nro. 4798)

Detalles MARC
000 -LEADER
fixed length control field 00521nam a22001931a 4500
001 - CONTROL NUMBER
control field 4798
003 - CONTROL NUMBER IDENTIFIER
control field OSt
005 - DATE AND TIME OF LATEST TRANSACTION
control field 20260204211948.0
008 - FIXED-LENGTH DATA ELEMENTS--GENERAL INFORMATION
fixed length control field 050915s1983||||mx ||||||b||||||||||spa||
020 ## - NUMERO DE LIBRO INTERNACIONAL NORMALIZADO
International Standard Book Number 9681815742
050 ## - LIBRARY OF CONGRESS CALL NUMBER
Classification number 338.1 A63e
245 ## - TÍTULO PROPIAMENTE DICHO: SUBTÍTULO
Title Aspecto económicos y administrativos en las empresas agropecuaria / Alfredo Aguilar
264 ## - PRODUCTION, PUBLICATION, DISTRIBUTION, MANUFACTURE, AND COPYRIGHT NOTICE
Place of production, publication, distribution, manufacture México: Limusa
300 ## - PHYSICAL DESCRIPTION
Extensión 139 p
500 ## - GENERAL NOTE
General note Incluye indice y bibliografía
650 ## - ASIENTO SECUNDARIO DE MATERIA -- TERMINO TEMÁTICO
Termino Temático Como Elemento de Entrada 1.Economía Agraria
700 ## - ASIENTO SECUNDARIO -- NOMBRE PERSONAL
Personal name Agrícola, AlfredoÌ
942 ## - ADDED ENTRY ELEMENTS (KOHA)
Source of classification or shelving scheme Dewey Decimal Classification
Koha item type Libros
Existencias
Withdrawn status Lost status Source of classification or shelving scheme Damaged status Not for loan Current library Date acquired Total Checkouts Full call number Barcode Date last seen Price effective from Koha item type
    Dewey Decimal Classification     Biblioteca UTECO 09/09/2019   338.1 A63E 009423 09/09/2019 09/09/2019 Libros
    Dewey Decimal Classification     Biblioteca UTECO 09/09/2019   338.1 A63E 009424 09/09/2019 09/09/2019 Libros
© 2021 Derechos Reservados UTECO - Teléfono: +1 809-585-2291 - Correo electrónico: biblioteca@uteco.edu.do​  
Código postal 43000 ​​
Dirección: Avenida Universitaria No. 100, 
Cotuí, Provincia Sánchez Ramírez, República Dominicana - RNC: 404-00059-6